[Event "67. Campionato Italiano Assoluto"]
[Site "Martina Franca (ITA)"]
[Date "2007.12.01"]
[Round "8.6"]
[White "Bonafede, Alessandro"]
[Black "Borgo, Giulio"]
[Result "0-1"]
[WhiteElo "2279"]
[BlackElo "2440"]
[PlyCount "84"]
[EventDate "2007.11.24"]
[EventType "tourn"]
[EventRounds "11"]
[EventCountry "ITA"]
[Source "lmi"]
[SourceDate "2007.11.24"]

1. e4 Nc6 2. Nf3 d6 3. d4 Nf6 4. Nc3 Bg4 5. Bb5 a6 6. Bxc6+ bxc6 7. h3 Bh5 8.
Qe2 e6 9. Bd2 d5 10. Bg5 Be7 11. Bxf6 Bxf6 12. g4 Bg6 13. O-O-O Rb8 14. h4 Qd6
15. g5 Qf4+ 16. Kb1 Bh5 17. Rh3 Be7 18. Qd2 Qxd2 19. Rxd2 f6 20. gxf6 gxf6 21.
Rg3 Bb4 22. Rd3 Bg6 23. Re3 Bxc3 24. Rxc3 Bxe4 25. Nd2 Kd7 26. Nb3 Kd6 27. Nc5
Rb4 28. b3 Rxd4 29. Rg7 Ke5 30. Nxa6 Rd1+ 31. Kb2 d4 32. Rc5+ Kd6 33. Rc4 Bd5
34. Ra4 Rc8 35. Rxh7 Rd2 36. Rh6 Rxf2 37. Rxd4 Ra8 38. Ra4 c5 39. Rh7 Bc6 40.
Ra5 Be4 41. Rh6 Rxc2+ 42. Ka1 Rg8 0-1

[Event "67. Campionato Italiano Assoluto"]
[Site "Martina Franca (ITA)"]
[Date "2007.12.02"]
[Round "9.2"]
[White "Rombaldoni, Denis"]
[Black "Bonafede, Alessandro"]
[Result "0-1"]
[WhiteElo "2402"]
[BlackElo "2279"]
[PlyCount "68"]
[EventDate "2007.11.24"]
[EventType "tourn"]
[EventRounds "11"]
[EventCountry "ITA"]
[Source "lmi"]
[SourceDate "2007.11.24"]

1. d4 f5 2. c4 Nf6 3. Nc3 d6 4. Nf3 g6 5. g3 Bg7 6. Bg2 O-O 7. O-O Qe8 8. d5 a5
9. Ne1 Na6 10. Nd3 Bd7 11. Nf4 c6 12. Na4 e5 13. dxe6 Bxe6 14. Nb6 Rd8 15. Bd2
Ne4 16. Rb1 Nxd2 17. Qxd2 Bf7 18. Qxa5 g5 19. Nd3 Qxe2 20. Rbd1 Qh5 21. b4 Nc7
22. Qa7 Ne6 23. Qxb7 f4 24. gxf4 gxf4 25. Qxc6 Nd4 26. Nxf4 Qh4 27. Rxd4 Bxd4
28. Ne2 Kh8 29. Nd5 Bxf2+ 30. Kh1 Bh5 31. Nef4 Bg3 32. h3 Bxf4 33. b5 Be5 34.
Ne3 Qg3 0-1

[Event "67. Campionato Italiano Assoluto"]
[Site "Martina Franca (ITA)"]
[Date "2007.12.02"]
[Round "9.3"]
[White "Brunello, Sabino"]
[Black "Mogranzini, Roberto"]
[Result "1/2-1/2"]
[WhiteElo "2489"]
[BlackElo "2415"]
[PlyCount "64"]
[EventDate "2007.11.24"]
[EventType "tourn"]
[EventRounds "11"]
[EventCountry "ITA"]
[Source "lmi"]
[SourceDate "2007.11.24"]

1. e4 c5 2. Nf3 d6 3. d4 cxd4 4. Nxd4 Nf6 5. Nc3 a6 6. Be3 e6 7. Be2 Be7 8. O-O
Qc7 9. f4 Nc6 10. Kh1 O-O 11. Bf3 Na5 12. Qd3 Re8 13. Rad1 Nc4 14. Bc1 e5 15.
Nf5 Bxf5 16. exf5 exf4 17. Bd5 Rac8 18. Qd4 Ne3 19. Bxe3 fxe3 20. Qxe3 b5 21.
a3 Bf8 22. Qf3 Qb6 23. Bb3 Re3 24. Qf4 Rce8 25. Rf3 Re1+ 26. Rf1 Rxf1+ 27. Rxf1
Re5 28. h3 a5 29. Qf3 Re3 30. Qd1 Re5 31. Qf3 Re3 32. Qd1 Re5 1/2-1/2

[Event "67. Campionato Italiano Assoluto"]
[Site "Martina Franca (ITA)"]
[Date "2007.12.02"]
[Round "9.4"]
[White "Contin, Daniel"]
[Black "Genocchio, Daniele"]
[Result "1-0"]
[WhiteElo "2318"]
[BlackElo "2433"]
[PlyCount "129"]
[EventDate "2007.11.24"]
[EventType "tourn"]
[EventRounds "11"]
[EventCountry "ITA"]
[Source "lmi"]
[SourceDate "2007.11.24"]

1. Nf3 g6 2. c4 Bg7 3. g3 d6 4. d4 f5 5. Bg2 Nf6 6. O-O O-O 7. Nc3 e6 8. Qc2
Nc6 9. Rd1 Qe7 10. b3 Bd7 11. Ba3 a5 12. Rac1 Nb4 13. Qd2 Rad8 14. e3 h6 15.
Ne1 Bc8 16. Bb2 e5 17. a3 Nc6 18. Nd5 Qd7 19. Nxf6+ Bxf6 20. d5 Ne7 21. Qxa5 b6
22. Qd2 g5 23. f4 Ng6 24. Nd3 Rde8 25. Re1 Qg7 26. Kh1 Re7 27. Bc3 h5 28. a4
Qh6 29. fxe5 Nxe5 30. Nxe5 Bxe5 31. Bxe5 Rxe5 32. b4 Rfe8 33. c5 dxc5 34. bxc5
bxc5 35. Rxc5 Qb6 36. Qd4 Rxe3 37. Rg1 Re1 38. h4 f4 39. gxf4 Qb1 40. Kh2 Rxg1
41. Qxg1 Qf5 42. Qf2 Qxf4+ 43. Qxf4 gxf4 44. Rxc7 Bg4 45. Rc2 Bd1 46. Rf2 Bxa4
47. Rxf4 Bd7 48. Bf3 Re5 49. Rf6 Kg7 50. Rd6 Bb5 51. Kg3 Bd3 52. Kf4 Rf5+ 53.
Ke3 Bc4 54. Be4 Rf6 55. Rd8 Rf8 56. Rxf8 Kxf8 57. d6 Kf7 58. Kd4 Bb5 59. Kc5
Bd7 60. Kb6 Kf6 61. Bf3 Kg6 62. Kc7 Be6 63. Kd8 Kh6 64. Ke7 Bc8 65. Bd5 1-0

[Event "67. Campionato Italiano Assoluto"]
[Site "Martina Franca (ITA)"]
[Date "2007.12.02"]
[Round "9.5"]
[White "Bruno, Fabio"]
[Black "Garcia Palermo, Carlos H"]
[Result "1/2-1/2"]
[WhiteElo "2445"]
[BlackElo "2459"]
[PlyCount "82"]
[EventDate "2007.11.24"]
[EventType "tourn"]
[EventRounds "11"]
[EventCountry "ITA"]
[Source "lmi"]
[SourceDate "2007.11.24"]

1. Nf3 Nf6 2. c4 b6 3. g3 Bb7 4. Bg2 e6 5. d4 Bb4+ 6. Bd2 c5 7. O-O Bxd2 8.
Qxd2 cxd4 9. Qxd4 Nc6 10. Qf4 Qb8 11. Qxb8+ Rxb8 12. Nc3 Ke7 13. Rfd1 d6 14.
Rd2 Rhd8 15. Rad1 a6 16. b3 Nb4 17. Nd4 Bxg2 18. Kxg2 Rbc8 19. Na4 Nd7 20. e3
Nc6 21. Nxc6+ Rxc6 22. Nb2 b5 23. cxb5 axb5 24. Nd3 d5 25. Nb4 Rc7 26. Rd4 f5
27. Rxd5 exd5 28. Nxd5+ Kd6 29. Nxc7+ Kxc7 30. Rd5 b4 31. Rxf5 Ra8 32. Rb5 Rxa2
33. Rxb4 Kd6 34. h4 Rb2 35. h5 Nf6 36. Rb7 Nxh5 37. g4 Nf6 38. Rxg7 Ne4 39.
Rxh7 Rxf2+ 40. Kg1 Rb2 41. Rh6+ Ke5 1/2-1/2

[Event "67. Campionato Italiano Assoluto"]
[Site "Martina Franca (ITA)"]
[Date "2007.12.02"]
[Round "9.6"]
[White "Caruana, Fabiano"]
[Black "Manca, Federico"]
[Result "1-0"]
[WhiteElo "2594"]
[BlackElo "2405"]
[PlyCount "73"]
[EventDate "2007.11.24"]
[EventType "tourn"]
[EventRounds "11"]
[EventCountry "ITA"]
[Source "lmi"]
[SourceDate "2007.11.24"]

1. e4 e6 2. d4 d5 3. Nc3 Nf6 4. Bg5 Bb4 5. e5 h6 6. Be3 Ne4 7. Qg4 g6 8. a3
Bxc3+ 9. bxc3 c5 10. Bd3 Nxc3 11. dxc5 Qa5 12. Nf3 Ne4+ 13. Nd2 Qc3 14. Rd1
Nxd2 15. Rxd2 Qa1+ 16. Rd1 Qc3+ 17. Kf1 Nc6 18. f4 b6 19. cxb6 axb6 20. Qe2
Rxa3 21. h4 h5 22. Rh3 Qb4 23. Kg1 O-O 24. Rg3 Nd4 25. Qxh5 Rxd3 26. cxd3 Nf5
27. Qg4 Nxg3 28. Qxg3 d4 29. Bf2 Qb3 30. Ra1 Qb2 31. Re1 Ba6 32. f5 exf5 33. e6
Qb3 34. h5 f4 35. Qg5 Qxd3 36. exf7+ Kh7 37. Qe7 1-0

[Event "67. Campionato Italiano Assoluto"]
[Site "Martina Franca (ITA)"]
[Date "2007.12.03"]
[Round "10.1"]
[White "Godena, Michele"]
[Black "Manca, Federico"]
[Result "1/2-1/2"]
[WhiteElo "2535"]
[BlackElo "2405"]
[PlyCount "46"]
[EventDate "2007.11.24"]
[EventType "tourn"]
[EventRounds "11"]
[EventCountry "ITA"]
[Source "lmi"]
[SourceDate "2007.11.24"]

1. e4 c5 2. Nf3 Nc6 3. Bb5 e6 4. c3 Nge7 5. d4 cxd4 6. cxd4 d5 7. Nc3 dxe4 8.
Nxe4 Nf5 9. O-O Be7 10. Bxc6+ bxc6 11. Qc2 O-O 12. Rd1 Qd5 13. Bf4 Bd7 14. Nc5
Rfc8 15. Qc3 Be8 16. Na6 Qd8 17. Rac1 Qb6 18. Nc5 Rd8 19. b3 Rd5 20. Na4 Qb7
21. Nc5 Qb6 22. Na4 Qb7 23. Nc5 Qb6 1/2-1/2

[Event "67. Campionato Italiano Assoluto"]
[Site "Martina Franca (ITA)"]
[Date "2007.12.03"]
[Round "10.2"]
[White "Garcia Palermo, Carlos H"]
[Black "Caruana, Fabiano"]
[Result "0-1"]
[WhiteElo "2459"]
[BlackElo "2594"]
[PlyCount "76"]
[EventDate "2007.11.24"]
[EventType "tourn"]
[EventRounds "11"]
[EventCountry "ITA"]
[Source "lmi"]
[SourceDate "2007.11.24"]

1. d4 e6 2. Nf3 c5 3. e3 Nf6 4. g3 d5 5. Bg2 Nc6 6. O-O cxd4 7. exd4 Bd6 8. c4
dxc4 9. Nbd2 Na5 10. Ne5 O-O 11. Ndxc4 Nxc4 12. Nxc4 Bc7 13. b3 Rb8 14. Ba3 Re8
15. Rc1 Bd7 16. Nd6 Bxd6 17. Bxd6 Rc8 18. Bxb7 Rxc1 19. Qxc1 Bb5 20. Bc7 Qd7
21. Re1 Re7 22. Re5 Ne8 23. Bd8 Qxd8 24. Rxb5 Nd6 25. Bc6 Nxb5 26. Bxb5 g6 27.
Qe3 Qb6 28. Qg5 Rb7 29. Bc4 Qxd4 30. a4 Rd7 31. h4 Qa1+ 32. Kg2 Rd1 33. Qf4 Kg7
34. Qe3 Qd4 35. Qf3 Re1 36. a5 Qe4 37. Qxe4 Rxe4 38. Kf3 Re1 0-1

[Event "67. Campionato Italiano Assoluto"]
[Site "Martina Franca (ITA)"]
[Date "2007.12.03"]
[Round "10.3"]
[White "Genocchio, Daniele"]
[Black "Bruno, Fabio"]
[Result "1/2-1/2"]
[WhiteElo "2433"]
[BlackElo "2445"]
[PlyCount "121"]
[EventDate "2007.11.24"]
[EventType "tourn"]
[EventRounds "11"]
[EventCountry "ITA"]
[Source "lmi"]
[SourceDate "2007.11.24"]

1. e4 c5 2. Nf3 e6 3. d3 Nc6 4. g3 d6 5. Bg2 Nf6 6. O-O Be7 7. Re1 O-O 8. c3
Bd7 9. a3 b5 10. d4 cxd4 11. cxd4 d5 12. Nc3 b4 13. axb4 Nxe4 14. Nxe4 dxe4 15.
Rxe4 Nxb4 16. Ne5 Nd5 17. Bd2 Bb5 18. Re1 a6 19. Ba5 Qd6 20. Rc1 Rac8 21. Qf3
Bf6 22. Qh5 Rxc1 23. Rxc1 g6 24. Qd1 Bxe5 25. dxe5 Qxe5 26. Qd2 Qe2 27. Qd4 Qd3
28. Qc5 Re8 29. h4 h6 30. Qd6 Kh7 31. Re1 Qc4 32. Kh2 Bc6 33. h5 Ne7 34. hxg6+
Kxg6 35. Bf1 Qd5 36. Bd3+ Kg7 37. Bc3+ Kg8 38. Qxd5 Nxd5 39. Bxa6 Ra8 40. Bd3
Nxc3 41. bxc3 Ra3 42. Re3 Ra2 43. Re2 Ra3 44. Re3 Kf8 45. Bf1 Ra1 46. Bg2 Bd7
47. Be4 Rc1 48. f4 f5 49. Bf3 Ke7 50. Kg2 Kf6 51. Kf2 Bb5 52. g4 fxg4 53. Bxg4
Bc4 54. Rh3 Kg6 55. Re3 Rf1+ 56. Kg2 Rxf4 57. Bxe6 Bxe6 58. Rxe6+ Kg5 59. Kg3
Rc4 60. Re5+ Kf6 61. Re3 1/2-1/2

[Event "67. Campionato Italiano Assoluto"]
[Site "Martina Franca (ITA)"]
[Date "2007.12.03"]
[Round "10.4"]
[White "Mogranzini, Roberto"]
[Black "Contin, Daniel"]
[Result "1-0"]
[WhiteElo "2415"]
[BlackElo "2318"]
[PlyCount "118"]
[EventDate "2007.11.24"]
[EventType "tourn"]
[EventRounds "11"]
[EventCountry "ITA"]
[Source "lmi"]
[SourceDate "2007.11.24"]

1. e4 e6 2. d4 d5 3. Nd2 c5 4. exd5 exd5 5. Ngf3 a6 6. dxc5 Bxc5 7. Nb3 Bb6 8.
Bg5 Ne7 9. Qd2 O-O 10. Be2 Nbc6 11. O-O Re8 12. Rad1 Bg4 13. Rfe1 h6 14. Bf4
Ng6 15. Bg3 Qf6 16. c3 Rad8 17. Nfd4 Bxe2 18. Rxe2 h5 19. Nxc6 bxc6 20. h3 Re4
21. Rde1 a5 22. Nc1 Qe7 23. Nd3 f5 24. Kf1 h4 25. Bh2 Re8 26. f3 Be3 27. Qc2
Re6 28. Bf4 Qa7 29. Bxe3 Rxe3 30. Rxe3 Rxe3 31. Rxe3 Qxe3 32. Qe2 Qg5 33. Qe6+
Kh7 34. Qxc6 Ne7 35. Qe6 f4 36. Qg4 Qxg4 37. hxg4 g5 38. b4 axb4 39. cxb4 Kg7
40. a4 Kf6 41. Ke2 Nc6 42. b5 Nd4+ 43. Kf2 Ke6 44. b6 Kd6 45. a5 Kc6 46. Nb4+
Kb7 47. Nxd5 Nc6 48. Nc3 Nxa5 49. Ne4 Nc4 50. Nxg5 Nxb6 51. Ne6 Nd5 52. Nd4 Ne7
53. Kg1 Ng6 54. Kh2 Kc7 55. Kh3 Kd7 56. Nf5 Ke6 57. Nxh4 Ne5 58. g3 Nd3 59.
gxf4 Kd5 1-0

[Event "67. Campionato Italiano Assoluto"]
[Site "Martina Franca (ITA)"]
[Date "2007.12.03"]
[Round "10.6"]
[White "Borgo, Giulio"]
[Black "Rombaldoni, Denis"]
[Result "1/2-1/2"]
[WhiteElo "2440"]
[BlackElo "2402"]
[PlyCount "169"]
[EventDate "2007.11.24"]
[EventType "tourn"]
[EventRounds "11"]
[EventCountry "ITA"]
[Source "lmi"]
[SourceDate "2007.11.24"]

1. e4 c6 2. d4 d5 3. Nd2 dxe4 4. Nxe4 Bf5 5. Ng3 Bg6 6. Nh3 e6 7. Nf4 Bd6 8.
Nxg6 hxg6 9. Ne4 Nf6 10. Nxd6+ Qxd6 11. h3 Nbd7 12. Be2 Nd5 13. Bf3 O-O-O 14.
O-O Nf4 15. Bxf4 Qxf4 16. Re1 Qg5 17. Qc1 Qxc1 18. Raxc1 Nf6 19. c3 Nd5 20. Re4
Rd6 21. h4 f5 22. Re5 Rxh4 23. c4 Nf4 24. Rce1 Rxd4 25. g3 Nh3+ 26. Kg2 Rh6 27.
Rxe6 Rd2 28. Re8+ Kc7 29. R1e7+ Rd7 30. b4 g5 31. Rxd7+ Kxd7 32. Rg8 Rh7 33.
Be2 Ke6 34. Bd3 g6 35. Rxg6+ Ke5 36. c5 g4 37. Rg8 Rf7 38. Rg6 Kd4 39. Be2 Kc3
40. a3 Kb3 41. b5 cxb5 42. Bxb5 Kxa3 43. c6 bxc6 44. Bxc6 Re7 45. Rf6 f4 46.
gxf4 Re2 47. Kg3 Rxf2 48. f5 a5 49. Kxg4 Nf4 50. Rd6 Kb4 51. Bf3 Kc5 52. Rc6+
Kb5 53. Rc3 Ne2 54. Rc2 Rxf3 55. Kxf3 Nd4+ 56. Ke4 Nxc2 57. f6 a4 58. f7 a3 59.
f8=Q a2 60. Qb8+ Ka4 61. Qa7+ Kb3 62. Qb6+ Kc3 63. Qa5+ Kb3 64. Qb5+ Kc3 65.
Qa5+ Kb3 66. Qb6+ Kc3 67. Qc5+ Kb3 68. Qd5+ Kb2 69. Qe5+ Kb3 70. Qe6+ Kb2 71.
Qf6+ Kb3 72. Qf7+ Kb2 73. Qg7+ Kb3 74. Qg8+ Kb2 75. Qh8+ Kb3 76. Qb8+ Kc3 77.
Qe5+ Kb3 78. Qe6+ Kb2 79. Qf6+ Kb3 80. Qf7+ Kb2 81. Qg7+ Kb3 82. Qg8+ Kb2 83.
Qh8+ Kb3 84. Qb8+ Kc3 85. Qe5+ 1/2-1/2

[Event "67. Campionato Italiano Assoluto"]
[Site "Martina Franca (ITA)"]
[Date "2007.12.04"]
[Round "11.1"]
[White "Rombaldoni, Denis"]
[Black "Godena, Michele"]
[Result "1/2-1/2"]
[WhiteElo "2402"]
[BlackElo "2535"]
[PlyCount "118"]
[EventDate "2007.11.24"]
[EventType "tourn"]
[EventRounds "11"]
[EventCountry "ITA"]
[Source "lmi"]
[SourceDate "2007.11.24"]

1. d4 d5 2. c4 e6 3. Nf3 Nf6 4. g3 Bb4+ 5. Bd2 Be7 6. Bg2 O-O 7. O-O c6 8. Qc2
Nbd7 9. Bf4 b6 10. cxd5 cxd5 11. Bc7 Qe8 12. Nc3 Bb7 13. Nb5 Ne4 14. Nd2 Ndf6
15. Nxe4 Qxb5 16. Nxf6+ Bxf6 17. Qd2 Ba6 18. e3 Qd7 19. Rfc1 Rac8 20. Be5 Be7
21. g4 Qa4 22. b3 Qa3 23. e4 Bb4 24. Qe3 Rxc1+ 25. Qxc1 dxe4 26. Bxe4 Rc8 27.
Qg5 Bf8 28. Qh4 h6 29. g5 Rc1+ 30. Kg2 Be7 31. Qf4 Bxg5 32. Bh7+ Kxh7 33. Qxf7
Bf1+ 34. Kg3 Rc3+ 35. f3 Qe7 36. Qxe7 Bxe7 37. Rxf1 Rc2 38. a4 g5 39. Bb8 Kg6
40. Re1 Kf7 41. Re3 h5 42. f4 Rc8 43. Be5 g4 44. h3 gxh3 45. Kxh3 h4 46. Rd3
Rc1 47. d5 exd5 48. Rxd5 Rb1 49. Rd3 Ke6 50. Bb8 a6 51. Re3+ Kf7 52. Be5 b5 53.
axb5 axb5 54. f5 Rf1 55. f6 Bxf6 56. Bxf6 Kxf6 57. Kxh4 Rg1 58. Rc3 Rb1 59. Kg4
b4 1/2-1/2

[Event "67. Campionato Italiano Assoluto"]
[Site "Martina Franca (ITA)"]
[Date "2007.12.04"]
[Round "11.2"]
[White "Brunello, Sabino"]
[Black "Borgo, Giulio"]
[Result "1-0"]
[WhiteElo "2489"]
[BlackElo "2440"]
[PlyCount "65"]
[EventDate "2007.11.24"]
[EventType "tourn"]
[EventRounds "11"]
[EventCountry "ITA"]
[Source "lmi"]
[SourceDate "2007.11.24"]

1. d4 d5 2. c4 e6 3. Nf3 Nf6 4. g3 Nbd7 5. Bg2 Bb4+ 6. Bd2 Be7 7. O-O c6 8. Qb3
O-O 9. Nc3 b6 10. cxd5 exd5 11. Rad1 Bb7 12. Rfe1 Bd6 13. Nh4 g6 14. Bg5 Be7
15. Nf3 Re8 16. h4 Qc7 17. Rc1 Qd8 18. Bf4 Nf8 19. Ng5 Bd6 20. Bxd6 Qxd6 21. e4
h6 22. e5 Qe7 23. Nf3 Nh5 24. Ne2 Ng7 25. Qe3 Kh7 26. Nf4 Nfe6 27. Bh3 Nxf4 28.
Qxf4 Rf8 29. Nh2 h5 30. Nf3 Kg8 31. Qh6 f6 32. exf6 Qxf6 33. Ng5 1-0

[Event "67. Campionato Italiano Assoluto"]
[Site "Martina Franca (ITA)"]
[Date "2007.12.04"]
[Round "11.3"]
[White "Contin, Daniel"]
[Black "Bonafede, Alessandro"]
[Result "0-1"]
[WhiteElo "2318"]
[BlackElo "2279"]
[PlyCount "110"]
[EventDate "2007.11.24"]
[EventType "tourn"]
[EventRounds "11"]
[EventCountry "ITA"]
[Source "lmi"]
[SourceDate "2007.11.24"]

1. c4 f5 2. g3 Nf6 3. Bg2 g6 4. Nc3 Bg7 5. d3 O-O 6. e3 d6 7. Nge2 e5 8. O-O a5
9. Rb1 c6 10. f4 Na6 11. a3 Re8 12. h3 Bd7 13. b4 axb4 14. axb4 Kh8 15. Kh1 Qe7
16. Bd2 Rad8 17. Qc2 exf4 18. gxf4 d5 19. c5 Nc7 20. Rbe1 Nh5 21. Nd1 Nb5 22.
Rf3 d4 23. Ng1 Qh4 24. e4 fxe4 25. dxe4 g5 26. Ref1 Ng3+ 27. Rxg3 Qxg3 28. Be1
Qa3 29. fxg5 Rf8 30. Rf5 d3 31. Qf2 Nd4 32. Rf6 Ne2 33. e5 Qa1 34. Nxe2 dxe2
35. Nc3 Qc1 36. Qh4 Bf5 37. Nxe2 Qe3 38. Rxf5 Qxe2 39. g6 h6 40. Rxf8+ Rxf8 41.
Bg3 Qe3 42. Qg4 Bxe5 43. Bxe5+ Qxe5 44. Qd7 Qg7 45. Qd6 Re8 46. b5 cxb5 47. Bd5
Qa1+ 48. Kg2 Re2+ 49. Kf3 Qf1+ 50. Kg4 Qg1+ 51. Kf4 Qg5+ 52. Kf3 Qe3+ 53. Kg4
Qd4+ 54. Kf3 Re3+ 55. Kg2 Qd2+ 0-1

[Event "67. Campionato Italiano Assoluto"]
[Site "Martina Franca (ITA)"]
[Date "2007.12.04"]
[Round "11.4"]
[White "Bruno, Fabio"]
[Black "Mogranzini, Roberto"]
[Result "0-1"]
[WhiteElo "2445"]
[BlackElo "2415"]
[PlyCount "160"]
[EventDate "2007.11.24"]
[EventType "tourn"]
[EventRounds "11"]
[EventCountry "ITA"]
[Source "lmi"]
[SourceDate "2007.11.24"]

1. Nf3 Nf6 2. e3 g6 3. b4 Bg7 4. Bb2 d6 5. c4 e5 6. d3 O-O 7. Be2 Nh5 8. Nfd2
Qh4 9. Nc3 f5 10. g3 Qg5 11. Bf3 Nd7 12. Nd5 Qd8 13. Bxh5 gxh5 14. Qxh5 c6 15.
Nc3 a5 16. bxa5 Nc5 17. Qe2 e4 18. dxe4 Qxa5 19. e5 Bxe5 20. Rc1 Qb4 21. Ba1
Ra3 22. Ndb1 Nb3 23. axb3 Rxa1 24. O-O Be6 25. Qc2 Rfa8 26. Nd2 R1a3 27. Qd3
Kh8 28. Rfd1 Bf7 29. Ncb1 Ra1 30. Nf3 Bb2 31. Rc2 Bg7 32. Rcc1 d5 33. Nbd2 Rxc1
34. Rxc1 Rf8 35. Ng5 Bg8 36. Ndf3 Qa3 37. Qc2 dxc4 38. bxc4 b5 39. cxb5 cxb5
40. Nd4 b4 41. Qc5 Ra8 42. Kg2 b3 43. Qxa3 Rxa3 44. Rc8 Bxd4 45. exd4 b2 46.
Rb8 h6 47. Nf3 b1=Q 48. Rxb1 Bd5 49. Rb5 Bxf3+ 50. Kh3 Be4 51. Kh4 Ra2 52. g4
Rxf2 53. gxf5 Rxf5 54. Rb8+ Kg7 55. Kg4 Rf2 56. Kg3 Rf6 57. Re8 Bg6 58. Re7+
Rf7 59. Re2 Rd7 60. Rd2 Kf6 61. Rf2+ Ke6 62. Rf4 Rf7 63. Rh4 h5 64. d5+ Kxd5
65. Ra4 Ke5 66. Ra5+ Kf6 67. Kg2 Bf5 68. Kf3 Rb7 69. Ra6+ Kg5 70. Kg3 Rb3+ 71.
Kf2 Rb2+ 72. Kg1 h4 73. Ra4 Re2 74. Rb4 Re4 75. Rb8 Kf4 76. Rf8 Rb4 77. Ra8
Rb1+ 78. Kf2 Rh1 79. Rh8 Rxh2+ 80. Kg1 Rd2 0-1

[Event "67. Campionato Italiano Assoluto"]
[Site "Martina Franca (ITA)"]
[Date "2007.12.04"]
[Round "11.5"]
[White "Caruana, Fabiano"]
[Black "Genocchio, Daniele"]
[Result "1-0"]
[WhiteElo "2594"]
[BlackElo "2433"]
[PlyCount "58"]
[EventDate "2007.11.24"]
[EventType "tourn"]
[EventRounds "11"]
[EventCountry "ITA"]
[Source "lmi"]
[SourceDate "2007.11.24"]

1. e4 Nf6 2. e5 Nd5 3. d4 d6 4. c4 Nb6 5. exd6 exd6 6. Nc3 Be7 7. Be3 O-O 8.
Qf3 Nc6 9. O-O-O Be6 10. c5 Nc4 11. Bf4 dxc5 12. d5 Nd4 13. dxe6 fxe6 14. Bxc4
Rxf4 15. Qe3 Qf8 16. Nh3 Rf6 17. Ne4 Rg6 18. Nf4 Rh6 19. Ne2 b5 20. Bd3 Nf5 21.
Qf3 c4 22. Bc2 Qe8 23. Nd4 Nxd4 24. Rxd4 a5 25. g4 Rb8 26. g5 c5 27. Rd2 Rg6
28. h4 e5 29. Qf5 Qc6 1-0